000 02643nam a2200445 a 4500
003 CHAP
005 20240830090543.0
007 cr ||||||a|c|a
008 101025s2010 mx r 00010 spa d
035 _a111193
040 _cCHAP
090 _aTesis
100 1 _aHernández Espinosa, Ana Lilia.
_953981
245 1 4 _aLas fluctuaciones cíclicas de la produccón agropecuaria de México
_c/por Ana Lilia Hernández Espinosa; director Adrián González Estrada
264 1 _aChapingo, Méx. :
_bEl autor,
_c2010.
300 _a1 recurso en línea (84 Páginas):
_bCuadros, figuras, gráficas
336 _2rdacontent
_atexto
_btxt
337 _2rdamedia
_acomputadora
_bc
338 _2rdacarrier
_arecursos en linea
_bcr
502 _bMCEARN
_cDICEA
_d2010
_gMAE
520 _aLa producción agropecuaria de México es una actividad inherentemente inestable, ya que está influida por fuerzas erráticas de la naturaleza y del mercado. El objetivo principal de esta investigación fue analizar las fluctuaciones cíclicas de la producción agropecuaria de México y descubrir sus regularidades empíricas. Se usó el método de Hodrick-Prescott para filtrar la serie del Producto Interno Bruto (PIB) agropecuario e identificar su componente cíclico, el cual fue comparado con el ciclo del PIB real. Los resultados obtenidos indican que el PIB agropecuario exhibe considerables fluctuaciones alrededor de su componente de crecimiento, las cuales dan lugar a fluctuaciones de ciclo corto. En el período 1980-2007 se identificaron nueve ciclos de valle a valle y nueve ciclos de cúspide a cúspide, los cuales no son periódicos ni simétricos. Contrariamente a lo esperado, el ciclo agropecuario es contemporáneo y prociclico con respecto al ciclo del PIB real y es casi tres veces más volátil que este último.
590 _aALEPH
_b10
_c20130110
590 _aBATCH-UPD
_b10
_c20130110
590 _aBATCH-UPD
_b10
_c20130410
590 _aBATCH-UPD
_b10
_c20130914
590 _aBATCH-UPD
_b10
_c20140324
590 _aBATCH-UPD
_b10
_c20141002
590 _aCONVERSION
_b10
_c20130109
650 0 4 _aAgricultura
_xAspectos economicos
_zMexico.
_91312
650 0 4 _aCultivos
_xPrecios.
_930310
650 0 4 _aCultivos
_xRendimiento.
_930318
700 0 _aGonzález Estrada, Adrián
_948884
_eDirector
856 _uhttp://10.13.5.2/tesis/111193.pdf
_zDESCARGAR PDF
901 _aBK
942 _cTD
_2Clasificación Universidad Autónoma Chapingo
949 _bBC
_cTES
_d33724002219256
_eTS2
_fc.2
_gDonaciØn
_h51294
_i111193
_sb
949 _bBC
_cTES
_d33724002219298
_eTS1
_h51293
_i111193
_sb
999 _c99535
_d99535